Central Library OPAC University of Rajshahi

The Ubu plays / (Record no. 21522)

MARC details
000 -LEADER
fixed length control field 01005nam a2200277 4500
001 - CONTROL NUMBER
control field 21522
003 - CONTROL NUMBER IDENTIFIER
rucl marc code BD-RjUL21586
005 - DATE AND TIME OF LATEST TRANSACTION
control field 20211209000709.0
008 - FIXED-LENGTH DATA ELEMENTS--GENERAL INFORMATION
fixed length control field 140304s1968 nyu 000 d eng
035 ## - SYSTEM CONTROL NUMBER
System control number (BD-RjUL)21586
040 ## - CATALOGING SOURCE
Original cataloging agency DLC
Transcribing agency DLC
Modifying agency DLC
-- BD-RjUL
Language of cataloging eng
041 1# - LANGUAGE CODE
Language code of text/sound track or separate title engfre
082 00 - DEWEY DECIMAL CLASSIFICATION NUMBER
Classification number 842.8
Author mark and year JAU 1968
100 1# - MAIN ENTRY--PERSONAL NAME
Personal name Jarry, Alfred,
Dates associated with a name 1873-1907.
9 (RLIN) 66467
245 14 - TITLE STATEMENT
Title The Ubu plays /
Statement of responsibility, etc. Edited, with an introd., by Simon Watson Taylor.
260 ## - PUBLICATION, DISTRIBUTION, ETC. (IMPRINT)
Place of publication, distribution, etc. New York :
Name of publisher, distributor, etc. Grove Press,
Date of publication, distribution, etc. c1968.
300 ## - PHYSICAL DESCRIPTION
Pagination 148 p. ;
Size 20 cm.
350 ## - PRICE (NR) (BK AM CF MU VM SE) [OBSOLETE]
Price 1.95
490 0# - SERIES STATEMENT
Series statement An Evergreen original, E-496
505 0# - FORMATTED CONTENTS NOTE
Formatted contents note Ubu Rex (Ubu Roi), translated by C. Connolly and S. W. Taylor.--Ubu cuckolded (Ubu cocu), translated by C. Connolly.--Ubu enchained (Ubu enchaîné), translated by S. W. Taylor.
600 10 - SUBJECT ADDED ENTRY--PERSONAL NAME
Personal name Jarry, Alfred,
Dates associated with a name 1873-1907
General subdivision Translations into English.
650 #0 - SUBJECT ADDED ENTRY--TOPICAL TERM
Topical term or geographic name as entry element Ubu (Fictitious character)
General subdivision Drama.
9 (RLIN) 66469
942 ## - ADDED ENTRY ELEMENTS (KOHA)
Source of classification or shelving scheme Dewey Decimal Classification
Koha item type Books
Holdings
Lost status Source of classification or shelving scheme Damaged status Not for loan Collection code Permanent Location Current Location Shelving location Date acquired Source of acquisition Cost, normal purchase price Total Checkouts Full call number Date last seen Copy number Koha item type
  Dewey Decimal Classification   Added to bundle Fiction Central Library, University of Rajshahi Central Library, University of Rajshahi Reading Room 28/08/1971 Provencial book deport Ltd. 15.75   842.8 JAU 1968 04/03/2014 C-1 Books